LEADER 01613nam a2200313 u 4500 001 000000036920 003 CaOOAMICUS 005 20070226113714.0 008 980331s1989 it u000 u ita u 020 $a8834337271 035 $a10788359 040 $aPUL(R)$bita 245 00$aEducazione e matrimonio nell'accordo di revisione del Concordato :$batti del convegno promosso dalla Facoltà di Giurisprudenza dell'Università cattolica : Milano, 19-21 novembre 1987. 260 $aMilano :$bVita e pensiero,$c1989. 300 $a203 p. : ;$c22 cm 490 1 $aLe Api 490 1 $aPubblicazioni della Università cattolica del Sacro Cuore 650 4$aEducazione$xAspetti morali e religiosi.$0(OLS)http://pul/subject/651 650 4$aMatrimonio$xAspetti morali e religiosi.$0(OLS)http://pul/subject/69 650 4$aConcordati$zItalia$y1984.$0(OLS)http://pul/subject/4308 830 3$aLe Api.$0(OLS)http://pul/title/7487 830 0$aPubblicazioni della Università cattolica del Sacro Cuore.$0(OLS)http://pul/title/2617 850 $aPUL 852 $aPUL$W1$xSL Diritto Canonico 1$y5$m166 C 56$j50544$nBK-PRI$b $qStampati$B50544$CPULBib$Z2$F50544 $H $81 941 1 $a8 961 $aINV: 71840 996 $6020$a8834337271$9(OLS)http://pul/number/46251 996 $6245$aEducazione e matrimonio nell'accordo di revisione del Concordato :$batti del convegno promosso dalla Facoltà di Giurisprudenza dell'Università cattolica : Milano, 19-21 novembre 1987$9(OLS)http://pul/title/50361 996 $6260$aMilano :$bVita e pensiero$9(OLS)http://pul/publisher/48016 LEADER 01225nam a2200289 a 4500 001 000000157607 003 CaOOAMICUS 005 20161216123941.0 008 161216s1951 gw u000 u ger r 032 $aLibriCat 040 $aPUL$bita 100 1 $aHitz, Paul,$cC.SS.R.$0(OLS)http://pul/name/54506 245 10$aMaria und unser Heil :$bein pastoral-mariologischer Versuch /$cPaul Hitz. 260 $aLimburg :$bLahn,$c1951. 300 $a77 p. ;$c21 cm. 500 $aBibliografia in nota. 502 $aEstratto da tesi -- Università di Friburgo. Facoltà di Teologia. 1950. 600 04$aMaria Virgo,$cs.$xDevozione.$0(OLS)http://pul/subject/1542 710 2 $aUniversité de Fribourg.$kTesi.$0(OLS)http://pul/name/100562 850 $aPUL 852 $aPUL$W1$xDP1 Tesi Univ. Friburgo$y37$mTH FRI 11$j180949$qTesi$B184072$CPULBib$Z2$F184072 $H19817 $82 910 $aUniversità di Friburgo$kTesi$9100562 910 $aUniversität Freiburg (Schweiz).$kTesi$9100562 941 1 $a16 996 $6245$aMaria und unser Heil :$bein pastoral-mariologischer Versuch$9(OLS)http://pul/title/197210 996 $6260$aLimburg :$bLahn$9(OLS)http://pul/publisher/70060